Statistics for Weapons Used By British Army

Click here to take the quiz!

General Stats

  • This quiz has been taken 141 times
  • The average score is 2 of 10

Answer Stats

HintAnswer% Correct
Standard Infantry WeaponSA80A2
89%
Standard SidearmGlock 17
57%
Light Support WeaponL86A2
32%
Sniper RifleL115A3
14%
Marksman RifleL129A1
12%
General-Purpose Machine GunL7A2
12%
Light Machine GunL110A2
7%
Underbarrel Grenade LauncherL123A2
4%
Combat ShotgunL128A1
3%
Anti-Material RifleL121A1
1%

Score Distribution

Percentile by Number Answered

Percent of People with Each Score

Your Score History

You have not taken this quiz